| 000 | 00602nam a2200205 i 4500 | ||
|---|---|---|---|
| 001 | 150374 | ||
| 003 | ES-MaACL | ||
| 005 | 20240601063027.0 | ||
| 007 | t| | ||
| 008 | 071030s1973 sp ||||1| spa d | ||
| 100 | 1 |
_aVal, Ricardo de. _9112431 |
|
| 245 | 1 | 3 |
_aLa tristeza de Eros _b: (poesía de 1925 a 1935) / _cRicardo de Val. |
| 260 |
_aPalencia : _b[Rocamador], _c1973. |
||
| 300 |
_a54 p. ; _c22 cm. |
||
| 490 | 1 |
_aColección Rocamador ; _v77 |
|
| 830 | 0 | 0 |
_aRocamador (Serie) ; _v77 _9236737 |
| 852 |
_aES-MaACL _jC-56113 _bR.88779 |
||
| 942 | _2udc | ||
| 999 |
_c150374 _d150374 |
||